| 000 | 01264ngm a22003250a 4500 | ||
|---|---|---|---|
| 001 | PT16710 | ||
| 003 | AR-LpoUNG | ||
| 005 | 20210202000233.0 | ||
| 007 | vd cvaizq | ||
| 008 | 191001s1954||||ag |||||||||||||||||eng d | ||
| 037 | _c$6.63 | ||
| 040 |
_aAR-LpoUNG _bspa _cAR-LpoUNG _eaacr |
||
| 041 |
_aeng _aspa |
||
| 044 | _aag | ||
| 082 | 0 | _a305.562 23nid | |
| 100 | 1 |
_aKazan, Elia _edir. |
|
| 245 | 1 | 0 | _aOn the waterfront = Nido de ratas |
| 260 |
_aBuenos Aires : _bPinar Video Home, _c1954. |
||
| 300 | _aVHS (108 min.) : son., byn | ||
| 520 | _aEl fracasado boxeador profesional Terry Malloy se ve envuelto por su hermano en los negocios del corrupto sindicalista Johnny Friendly y se hace cómplice del asesinato de un obrero rebelde al sindicato, de cuya hermana se enamora después. Este amor y el trabajo de un sacerdote hacen vacilar sus convicciones. Se trata de que Terry tenga el valor de delatar ante la policía los manejos criminales que Friendly lleva a cabo en el puerto. Una ola de inaudita violencia se desata. | ||
| 650 | 4 | _aCORRUPCION | |
| 650 | 4 | _aDELINCUENCIA | |
| 650 | 4 | _aPROBLEMAS SOCIALES | |
| 650 | 4 | _aSINDICATOS | |
| 650 | 4 | _aTRABAJO | |
| 650 | 4 | _aVIOLENCIA | |
| 653 | _aVIDEOS | ||
| 905 | _a16710 | ||
| 942 | _cVIDEO | ||
| 999 |
_c54405 _d54405 |
||